01754nam a2200397 i 4500001001200000003000800012006001900020007001500039008004100054020001800095020002700113040003500140035002100175050002400196082000800220111013500228245014500363246006600508264005800574300006200632336002100694337002300715338003200738504004100770588010300811590014700914650002601061650002801087650002101115650002701136655002201163710001401185797001201199856012601211999001901337ebr10785162CaPaEBRm o d cr cn|||||||||131108s2010 stkacd ob 100 0 eng|d z9781847354938 a9781847357557 (e-book) aCaPaEBRbengerdaepncCaPaEBR a(OCoLC)86897188114aTP1087b.H54 2010eb04a2182 aHigh Performance Elastomers & Polymers for Oil & Gas International Conferencen(5th :d2010 :cAberdeen, Scotland),jissuing body.10aHigh Performance Elastomers & Polymers for Oil & Gas 2010 :bAberdeen, 27-28 April 2010 : [conference proceedings] /corganised by Smithers.30aHigh Performance Elastomers and Polymers for Oil and Gas 2010 1aAberdeen :bSmithers Rapra Technology Limited,c2010. a1 online resource (218 pages) :billustrations, portraits atext2rdacontent acomputer2rdamedia aonline resource2rdacarrier aIncludes bibliographical references. aDescription based on online resource; title from PDF title page (ebrary, viewed November 8, 2013). aElectronic reproduction. Palo Alto, Calif. : ebrary, 2013. Available via World Wide Web. Access may be limited to ebrary affiliated libraries. 0aPolymersvCongresses. 0aElastomersvCongresses. 0aGasvCongresses. 0aPetroleumvCongresses. 0aElectronic books.2 aSmithers.2 aebrary.40uhttp://site.ebrary.com/lib/rucke/Doc?id=10785162zAn electronic book accessible through the World Wide Web; click to view c135895d135895